000 00810cam a22001814a 4500
005 20250605164403.0
008 250528s ||||||||||||||||||||||||d
035 _a24696
040 _aGR-AtMCL
_bgre
_dGR-AtMCL
_eAACR2
245 1 _aΗ Ελλάδα Επανασυστήνεται στα Funds / Τα Φαντάσματατ σε Τράπεζες Folli Folli, Creta Farms, MLS
260 _bMotori Επε,
_c2020
300 _a46
520 _aΆναρθες Κραυγές σε Άδειο Θησαυροφυλάκιο, Οι 20 Μεγάλοι Κερδισμένοι του Lockdown και της Επόμενης Μέρας, ΔΕΔΔΗΕ και Λιγνίτες και Πισσαρίδης.
700 1 _aΚανουπάκης Γιάννης
_99504
942 _cCR
999 _c9563
_d9563